| 000 -LEADER |
| fixed length control field |
01492cam a2200325 i 4500 |
| 001 - CONTROL NUMBER |
| control field |
(Sirsi) a1135805 |
| 003 - CONTROL NUMBER IDENTIFIER |
| control field |
OSt |
| 005 - DATE AND TIME OF LATEST TRANSACTION |
| control field |
20240120124309.0 |
| 008 - FIXED-LENGTH DATA ELEMENTS--GENERAL INFORMATION |
| fixed length control field |
210308t20192019enk c 000 1 eng d |
| 020 ## - INTERNATIONAL STANDARD BOOK NUMBER |
| International Standard Book Number |
9781912626304 |
| Qualifying information |
(paperback) : |
| 040 ## - CATALOGING SOURCE |
| Original cataloging agency |
ESL |
| Language of cataloging |
eng |
| Transcribing agency |
TAE |
| Modifying agency |
TAE |
| -- |
KH8 |
| Description conventions |
rda |
| 042 ## - AUTHENTICATION CODE |
| Authentication code |
nbic |
| 082 0# - DEWEY DECIMAL CLASSIFICATION NUMBER |
| Classification number |
823.92 THO |
| 100 1# - MAIN ENTRY--PERSONAL NAME |
| Personal name |
Thornton, Nicki, |
| Relator term |
author. |
| 245 14 - TITLE STATEMENT |
| Title |
The bad luck lighthouse / |
| Statement of responsibility, etc. |
Nicki Thornton. |
| 264 #1 - PRODUCTION, PUBLICATION, DISTRIBUTION, MANUFACTURE, AND COPYRIGHT NOTICE |
| Place of production, publication, distribution, manufacture |
Frome, Somerset : |
| Name of producer, publisher, distributor, manufacturer |
Chicken House, |
| Date of production, publication, distribution, manufacture, or copyright notice |
2019. |
| 264 #4 - PRODUCTION, PUBLICATION, DISTRIBUTION, MANUFACTURE, AND COPYRIGHT NOTICE |
| Date of production, publication, distribution, manufacture, or copyright notice |
©2019. |
| 300 ## - PHYSICAL DESCRIPTION |
| Extent |
366 pages ; |
| Dimensions |
20 cm. |
| 336 ## - CONTENT TYPE |
| Content type term |
text |
| Content type code |
txt |
| Source |
rdacontent. |
| 337 ## - MEDIA TYPE |
| Media type term |
unmediated |
| Media type code |
n |
| Source |
rdamedia. |
| 338 ## - CARRIER TYPE |
| Carrier type term |
volume |
| Carrier type code |
nc |
| Source |
rdacarrier. |
| 490 1# - SERIES STATEMENT |
| Series statement |
A Seth Seppi mystery ; |
| Volume/sequential designation |
book 2. |
| 520 ## - SUMMARY, ETC. |
| Summary, etc. |
The twisty-turny sequel to the bestselling The Last Chance Hotel - Agatha Christie meets Harry Potter! In solving the mystery of the Last Chance Hotel, Seth has discovered a bewildering new world of magic. But the truth about his mother's fate remains, stolen away with the firefly cage by his nemesis, the wicked Tiffany Bunn. Determined to chase them down - and prove himself as a magician - Seth and his cat Nightshade are quickly embroiled in the latest MagiCon case, a murder investigation at a deserted lighthouse. |
| 521 1# - TARGET AUDIENCE NOTE |
| Target audience note |
Ages 9-12. |
| 650 #0 - SUBJECT ADDED ENTRY--TOPICAL TERM |
| Topical term or geographic name entry element |
Hotels |
| Form subdivision |
Juvenile fiction. |
| 650 #0 - SUBJECT ADDED ENTRY--TOPICAL TERM |
| Topical term or geographic name entry element |
Magic |
| Form subdivision |
Juvenile fiction. |
| 650 #0 - SUBJECT ADDED ENTRY--TOPICAL TERM |
| Topical term or geographic name entry element |
Murder |
| General subdivision |
Investigation |
| Form subdivision |
Juvenile fiction. |
| 800 1# - SERIES ADDED ENTRY--PERSONAL NAME |
| Personal name |
Thornton, Nicki. |
| Title of a work |
Seth Seppi mystery ; |
| Volume/sequential designation |
2. |
| 942 ## - ADDED ENTRY ELEMENTS (KOHA) |
| Source of classification or shelving scheme |
|
| Koha item type |
Books - Fiction |